书目信息 |
| 题名: |
心理咨询流派的理论与方法
|
|
| 作者: | 马建青 , 王东莉 著 | |
| 分册: | ||
| 出版信息: | 杭州 浙江大学出版社 2006 |
|
| 页数: | 10,441页 | |
| 开本: | 23cm | |
| 丛书名: | 马建青心理咨询与心理健康教育丛书 | |
| 单 册: | ||
| 中图分类: | C932.2 | |
| 科图分类: | ||
| 主题词: | 心理咨询--流派--研究 , 心理咨询 , 流派 , 管理学 | |
| 电子资源: | ||
| ISBN: | 7-308-04601-X | |
| 000 | 01230oam2 2200325 450 | |
| 001 | 1259178922 | |
| 005 | 20121003162705.03 | |
| 010 | @a7-308-04601-X@dCNY38.00 | |
| 100 | @a20060104d2006 em y0chiy50 ea | |
| 101 | 0 | @achi |
| 102 | @aCN@b330000 | |
| 105 | @ay z 000yy | |
| 200 | 1 | @a心理咨询流派的理论与方法@Axin li zi xun liu pai de li lun yu fang fa@f马建青,王东莉等著 |
| 210 | @a杭州@c浙江大学出版社@d2006 | |
| 215 | @a10,441页@d23cm | |
| 225 | 2 | @a马建青心理咨询与心理健康教育丛书 |
| 300 | @a教育部重大课题《大学生心理健康教育理论与实践体系构建》成果之一 | |
| 312 | @a封面英文题名:Theory and method of counseling | |
| 330 | @a本书选取了当今国际上较有代表性和影响力的心理咨询流派,包括精神分析疗法、行为疗法、来访者中心疗法、认知疗法以及现实疗法、交互分析疗法、完形疗法、森田疗法等,进行了深入的探讨。 | |
| 461 | 0 | @12001 @a马建青心理咨询与心理健康教育丛书 |
| 510 | 1 | @aTheory and method of counseling@zeng |
| 606 | 0 | @a心理咨询@x流派@x研究 |
| 606 | 0 | @a心理咨询 |
| 606 | 0 | @a流派 |
| 606 | 0 | @a管理学 |
| 690 | @aC932.2@v4 | |
| 701 | 0 | @a马建青@Ama jian qing@c(心理学)@4著 |
| 701 | 0 | @a王东莉@Awang dong li@c(女,@f1960.4~)@4著 |
| 801 | 0 | @aCN@bNLC@c20101222 |
| 905 | @a10447@dC932.2@eJY226 | |
| 心理咨询流派的理论与方法/马建青,王东莉等著.-杭州:浙江大学出版社,2006 |
| 10,441页;23cm.-(马建青心理咨询与心理健康教育丛书) |
| 教育部重大课题《大学生心理健康教育理论与实践体系构建》成果之一 |
| ISBN 7-308-04601-X:CNY38.00 |
| 本书选取了当今国际上较有代表性和影响力的心理咨询流派,包括精神分析疗法、行为疗法、来访者中心疗法、认知疗法以及现实疗法、交互分析疗法、完形疗法、森田疗法等,进行了深入的探讨。 |
| ● |
| 相关链接 |
|
|
|
|
正题名:心理咨询流派的理论与方法
索取号:C932.2/JY226
 
预约/预借
| 序号 | 登录号 | 条形码 | 馆藏地/架位号 | 状态 | 备注 |
| 1 | 7810711 | 278107111 | 学院路分馆/ [索取号:C932.2/JY226] | 在馆 | |
| 2 | 7810712 | 278107120 | 学院路分馆/ [索取号:C932.2/JY226] | 在馆 |